<?xml version="1.0" encoding="UTF-8"?>
<marc:record xmlns:marc="http://www.loc.gov/MARC21/slim">
   <marc:leader>00000nam a2200000 a 4500</marc:leader>
   <marc:datafield ind1="1" ind2=" " tag="100">
      <marc:subfield code="a">Kasten, Mona</marc:subfield>
      <marc:subfield code="4">aut</marc:subfield>
      <marc:subfield code="e">Verfasser/-in</marc:subfield>
   </marc:datafield>
   <marc:datafield ind1=" " ind2=" " tag="653">
      <marc:subfield code="a">England</marc:subfield>
   </marc:datafield>
   <marc:datafield ind1=" " ind2=" " tag="653">
      <marc:subfield code="a">Jugendbuch</marc:subfield>
   </marc:datafield>
   <marc:datafield ind1=" " ind2=" " tag="653">
      <marc:subfield code="a">Liebe</marc:subfield>
   </marc:datafield>
   <marc:datafield ind1=" " ind2=" " tag="653">
      <marc:subfield code="a">Weibliche Jugend</marc:subfield>
   </marc:datafield>
   <marc:datafield ind1=" " ind2=" " tag="653">
      <marc:subfield code="a">Privatschule</marc:subfield>
   </marc:datafield>
   <marc:datafield ind1="0" ind2="0" tag="245">
      <marc:subfield code="a">Save us</marc:subfield>
   </marc:datafield>
   <marc:datafield ind1="0" ind2="0" tag="245">
      <marc:subfield code="b">Maxton Hall; Band 3</marc:subfield>
   </marc:datafield>
   <marc:datafield ind1=" " ind2="1" tag="264">
      <marc:subfield code="b">Bastei</marc:subfield>
      <marc:subfield code="c">2018</marc:subfield>
   </marc:datafield>
   <marc:datafield ind1="1" ind2=" " tag="490">
      <marc:subfield code="a">Maxton Hall Trilogie</marc:subfield>
   </marc:datafield>
   <marc:datafield ind1="1" ind2=" " tag="520">
      <marc:subfield code="a">Ruby steht unter Schock: Sie wurde vom Maxton-Hall-College suspendiert. Und das Schlimmste: Alles deutet darauf hin, dass niemand anders als James dafür verantwortlich ist. Ruby kann es nicht glauben - nicht nach allem, was sie gemeinsam durchgestanden haben. Sie dachte, dass sie den wahren James kennengelernt hat: den, der Träume hat, den, der sie zum Lachen bringt und ihr Herz mit einem einzigen Blick schneller schlagen lässt. Doch während Ruby dafür kämpft, trotz allem ihren Abschluss machen zu können, droht James einmal mehr unter den Verpflichtungen gegenüber seiner Familie zu zerbrechen. Und die beiden müssen sich fragen, ob die Welten, in denen sie leben, nicht vielleicht doch zu verschieden sind ...</marc:subfield>
   </marc:datafield>
   <marc:datafield ind1=" " ind2=" " tag="020">
      <marc:subfield code="a">9783736306714</marc:subfield>
      <marc:subfield code="9">9783736306714</marc:subfield>
   </marc:datafield>
</marc:record>
